[Event "WSCC 50 Open 2017"]
[Site "?"]
[Date "2017.11.15"]
[Round "8"]
[White "Chapman, Terry P D"]
[Black "Welling, Gerard"]
[Result "0-1"]
[WhiteElo "2196"]
[BlackElo "2316"]
[PlyCount "80"]
[EventDate "2017.??.??"]
[EventType "swiss"]
[EventCountry "ITA"]
[SourceTitle "Acqui Terme"]
[TimeControl "40/5400+30:1800+30"]
[WhiteClock "0:00:32"]
[BlackClock "0:09:11"]

1. Nf3 {[%emt 0:00:00]} d6 {[%emt 0:01:30]} 2. d4 {[%emt 0:00:00]} Nf6 {[%emt 0:00:32]} 3. g3 {[%emt 0:01:02]} Nbd7 {[%emt 0:00:52]} 4. c4 {[%emt 0:02:05]} e5 {[%emt 0:00:11]} 5. Nc3 {[%emt 0:00:17]} c6 {[%emt 0:00:11]} 6. Bg2 {[%emt 0:03:01]} Be7 {[%emt 0:00:08]} 7. O-O {[%emt 0:01:46]} O-O {[%emt 0:00:08]} 8. e4 {[%emt 0:00:43]} a6 {[%emt 0:00:36]} 9. a4 {[%emt 0:04:45]} a5 {[%emt 0:00:08]} 10. h3 {[%emt 0:01:45]} exd4 {[%emt 0:03:34]} 11. Nxd4 {[%emt 0:00:28]} Nc5 {[%emt 0:00:11]} 12. Be3 {[%emt 0:05:13]} Re8 {[%emt 0:06:35]} 13. Re1 {[%emt 0:03:51]} Bf8 {[%emt 0:00:45]} 14. Qc2 {[%emt 0:01:26]} Nfd7 {[%emt 0:02:39]} 15. Rad1 {[%emt 0:04:29]} g6 {[%emt 0:03:06]} 16. f4 {[%emt 0:03:28]} Qb6 {[%emt 0:04:32]} 17. Kh2 {[%emt 0:15:24]} Bg7 {[%emt 0:06:54]} 18. Bf2 {[%emt 0:08:57]} Qc7 {[%emt 0:15:20]} 19. Ndb5 {[%emt 0:07:21]} cxb5 {[%emt 0:02:08]} 20. Nxb5 {[%emt 0:00:03]} Qb8 {[%emt 0:02:13]} 21. Nxd6 {[%emt 0:00:12]} Rf8 {[%emt 0:01:02]} 22. e5 {[%emt 0:03:04]} Ra6 {[%emt 0:06:35]} 23. Bd5 {[%emt 0:10:22]} Rxd6 {[%emt 0:00:56]} 24. exd6 {[%emt 0:00:07]} b6 {[%emt 0:00:26]} 25. Bd4 {[%emt 0:04:37]} Nf6 {[%emt 0:03:28]} 26. Be5 {[%emt 0:00:52]} Bd7 {[%emt 0:04:45]} 27. b3 {[%emt 0:01:25]} Nxd5 {[%emt 0:00:48]} 28. Rxd5 {[%emt 0:01:43]} Bxe5 {[%emt 0:05:25]} 29. fxe5 {[%emt 0:00:50]} Qc8 {[%emt 0:01:26]} 30. h4 {[%emt 0:00:38]} Qe8 {[%emt 0:01:59]} 31. Qc3 {[%emt 0:06:48]} Qe6 {[%emt 0:00:49]} 32. Rd2 {[%emt 0:00:52]} f5 {[%emt 0:02:08]} 33. Qe3 {[%emt 0:03:12]} Ne4 {[%emt 0:06:37]} 34. Rg2 {[%emt 0:02:16]} Qxe5 {[%emt 0:01:28]} 35. Qxb6 {[%emt 0:00:31]} f4 {[%emt 0:07:51]} 36. gxf4 {[%emt 0:01:38]} Qxf4+ {[%emt 0:00:40]} 37. Kg1 {[%emt 0:00:24]} Nd2 {[%emt 0:01:21]} 38. Qf2 {[%emt 0:02:42]} Nf3+ {[%emt 0:00:11]} 39. Kf1 {[%emt 0:00:13]} Bh3 {[%emt 0:00:50]} 40. d7 {[%emt 0:00:58]} Bxg2+ {[%emt 0:30:21]} 0-1

[Event "WSCC 50 Open 2017"]
[Site "?"]
[Date "2017.11.15"]
[Round "8"]
[White "Biro, Sandor"]
[Black "Reprintsev, Alexander"]
[Result "1/2-1/2"]
[WhiteElo "2168"]
[BlackElo "2361"]
[PlyCount "150"]
[EventDate "2017.??.??"]
[EventType "swiss"]
[EventCountry "ITA"]
[SourceTitle "Acqui Terme"]
[TimeControl "40/5400+30:1800+30"]
[WhiteClock "0:02:09"]
[BlackClock "0:01:30"]

1. e4 {[%emt 0:03:35]} d5 {[%emt 0:04:54]} 2. d4 {[%emt 0:00:11]} dxe4 {[%emt 0:00:16]} 3. Nc3 {[%emt 0:00:06]} e5 {[%emt 0:02:51]} 4. dxe5 {[%emt 0:07:52]} Qxd1+ {[%emt 0:00:06]} 5. Kxd1 {[%emt 0:09:25]} Bf5 {[%emt 0:00:16]} 6. Nge2 {[%emt 0:07:24]} Nc6 {[%emt 0:01:15]} 7. Ng3 {[%emt 0:00:11]} O-O-O+ {[%emt 0:00:42]} 8. Bd2 {[%emt 0:04:03]} Bg6 {[%emt 0:04:28]} 9. Ncxe4 {[%emt 0:06:19]} Nxe5 {[%emt 0:00:15]} 10. Be2 {[%emt 0:02:57]} f5 {[%emt 0:18:41]} 11. Ng5 {[%emt 0:05:35]} Be7 {[%emt 0:06:02]} 12. f4 {[%emt 0:08:22]} Ng4 {[%emt 0:02:25]} 13. Kc1 {[%emt 0:08:20]} Bf6 {[%emt 0:08:37]} 14. h3 {[%emt 0:08:30]} N4h6 {[%emt 0:02:38]} 15. Bd3 {[%emt 0:03:37]} Ne7 {[%emt 0:00:39]} 16. a4 {[%emt 0:02:12]} Nd5 {[%emt 0:02:53]} 17. Re1 {[%emt 0:06:49]} Rhe8 {[%emt 0:01:18]} 18. Rxe8 {[%emt 0:00:23]} Rxe8 {[%emt 0:00:07]} 19. Ra3 {[%emt 0:02:09]} Bd4 {[%emt 0:00:31]} 20. Bc4 {[%emt 0:01:21]} Nf6 {[%emt 0:03:26]} 21. Ne6 {[%emt 0:04:57]} Bf2 {[%emt 0:00:47]} 22. Nh1 {[%emt 0:01:15]} Bg1 {[%emt 0:01:40]} 23. Ng5 {[%emt 0:03:06]} Ne4 {[%emt 0:00:44]} 24. Nxe4 {[%emt 0:00:57]} fxe4 {[%emt 0:01:48]} 25. Be3 {[%emt 0:01:09]} Bxe3+ {[%emt 0:00:12]} 26. Rxe3 {[%emt 0:00:05]} Nf5 {[%emt 0:00:04]} 27. Re1 {[%emt 0:00:17]} Nd6 {[%emt 0:18:22]} 28. Bb3 {[%emt 0:00:23]} Rf8 {[%emt 0:07:17]} 29. g3 {[%emt 0:00:10]} h5 {[%emt 0:00:06]} 30. h4 {[%emt 0:01:42]} Re8 {[%emt 0:01:56]} 31. Nf2 {[%emt 0:00:56]} Nf5 {[%emt 0:02:06]} 32. Rxe4 {[%emt 0:00:32]} Nxg3 {[%emt 0:00:06]} 33. Rxe8+ {[%emt 0:00:22]} Bxe8 {[%emt 0:00:02]} 34. Kd2 {[%emt 0:00:25]} Kd8 {[%emt 0:00:16]} 35. c3 {[%emt 0:00:44]} Nf5 {[%emt 0:00:12]} 36. Bd5 {[%emt 0:00:29]} b6 {[%emt 0:03:42]} 37. Ne4 {[%emt 0:00:22]} Nxh4 {[%emt 0:00:26]} 38. Ng5 {[%emt 0:00:15]} Ke7 {[%emt 0:01:07]} 39. b3 {[%emt 0:00:31]} Bd7 {[%emt 0:00:21]} 40. Kd3 {[%emt 0:00:58]} c6 {[%emt 0:31:21]} 41. Bh1 {[%emt 0:04:28]} Nf5 {[%emt 0:00:00]} 42. Bg2 {[%emt 0:03:24]} Nd6 {[%emt 0:00:00]} 43. b4 {[%emt 0:02:24]} Nf7 {[%emt 0:00:00]} 44. Nf3 {[%emt 0:04:14]} c5 {[%emt 0:00:00]} 45. bxc5 {[%emt 0:04:29]} bxc5 {[%emt 0:00:00]} 46. Kc4 {[%emt 0:00:41]} Kd6 {[%emt 0:00:00]} 47. Nd2 {[%emt 0:02:47]} Bc6 {[%emt 0:00:00]} 48. Ne4+ {[%emt 0:02:22]} Bxe4 {[%emt 0:00:00]} 49. Bxe4 {[%emt 0:00:05]} h4 {[%emt 0:00:00]} 50. Kb5 {[%emt 0:00:24]} h3 {[%emt 0:00:00]} 51. Ka6 {[%emt 0:00:21]} Kc7 {[%emt 0:00:00]} 52. Kxa7 {[%emt 0:00:47]} Nd6 {[%emt 0:00:00]} 53. Bf3 {[%emt 0:03:52]} Nc4 {[%emt 0:00:00]} 54. Ka6 {[%emt 0:00:31]} Na3 {[%emt 0:02:24]} 55. Ka5 {[%emt 0:01:24]} g6 {[%emt 0:01:10]} 56. Ka6 {[%emt 0:00:11]} h2 {[%emt 0:02:17]} 57. Ka5 {[%emt 0:00:11]} Nb1 {[%emt 0:04:03]} 58. Kb5 {[%emt 0:00:10]} Kd6 {[%emt 0:02:48]} 59. a5 {[%emt 0:00:59]} Nxc3+ {[%emt 0:00:05]} 60. Kc4 {[%emt 0:00:53]} Nb1 {[%emt 0:00:06]} 61. Bh1 {[%emt 0:04:00]} Na3+ {[%emt 0:00:13]} 62. Kb3 {[%emt 0:00:10]} Nb5 {[%emt 0:00:12]} 63. Kc4 {[%emt 0:00:12]} Nc7 {[%emt 0:01:19]} 64. Bf3 {[%emt 0:00:25]} Na6 {[%emt 0:00:42]} 65. Bh1 {[%emt 0:00:53]} Ke6 {[%emt 0:00:25]} 66. Be4 {[%emt 0:00:29]} Kf6 {[%emt 0:00:25]} 67. Kb5 {[%emt 0:00:28]} Kg7 {[%emt 0:01:25]} 68. Kc4 {[%emt 0:01:00]} Kh6 {[%emt 0:00:39]} 69. Bf3 {[%emt 0:00:24]} Kh7 {[%emt 0:00:51]} 70. Kb5 {[%emt 0:00:33]} Kg7 {[%emt 0:00:09]} 71. Kc4 {[%emt 0:00:15]} Kf7 {[%emt 0:00:07]} 72. Be4 {[%emt 0:00:34]} Ke7 {[%emt 0:00:14]} 73. Kb5 {[%emt 0:00:30]} Kd6 {[%emt 0:00:13]} 74. Kc4 {[%emt 0:00:20]} Nc7 {[%emt 0:01:32]} 75. Bh1 {[%emt 0:01:35]} Na6 {[%emt 0:00:16]} 1/2-1/2

[Event "WSCC 50 Open 2017"]
[Site "?"]
[Date "2017.11.16"]
[Round "9"]
[White "Granda Zuniga, Julio E"]
[Black "Kalegin, Evgenij"]
[Result "1-0"]
[WhiteElo "2650"]
[BlackElo "2426"]
[Annotator "TA"]
[PlyCount "77"]
[EventDate "2017.??.??"]
[EventType "swiss"]
[EventCountry "ITA"]
[SourceTitle "Acqui Terme"]

{[%evp 18,77,40,38,73,49,66,56,72,41,44,48,43,35,70,66,82,77,72,66,58,68,109,109,111,107,119,108,126,88,122,55,55,47,90,54,72,72,112,131,123,124,214,202,332,332,332,327,327,316,237,237,217,289,280,230,1445,1445,1445,1445,495,483]} 1. g3 e5 2. Bg2 Nc6 3. c4 g6 4. Nc3 Bg7 5. e3 d6 6. Nge2 Nf6 7. d4 O-O 8. O-O Re8 9. d5 Na5 {E61: Königsindisch (Abweichungen der Hauptvariante)} 10. b3 {[%cal Bb2b3,Bb3b4][%mdl 32] LiveBook: 3 Partien} e4 (10... a6 11. e4 c5 12. dxc6 bxc6 13. c5 dxc5 14. Qxd8 Rxd8 15. Be3 Nb7 16. Na4 Ng4 17. Bxc5 Nxc5 18. Nxc5 {0-1 (60) Maghsoodloo,P (2577)-Vidit,S (2687) Chengdu 2017}) 11. Bb2 a6 {Weiß steht etwas besser.} 12. Qc2 {[%cal Rc3e4]} Qe7 13. Nxe4 $146 ({Vorgänger:} 13. Rad1 h5 14. h3 Bf5 15. Nd4 Bd7 16. Rd2 Rac8 17. Qd1 {½-½ (70) Cekro,E (2410)-Meulders,R (2265) Geel 1996}) 13... Nxe4 14. Bxg7 Kxg7 15. b4 $1 (15. Bxe4 Qxe4 16. Qc3+ Kg8 $15) 15... Nc6 16. dxc6 bxc6 17. Nc3 {[%cal Rc3e4]} f5 18. Rad1 Bd7 19. Rd4 {[%cal Rc3e4]} Nxc3 20. Qxc3 {zielt auf Lxc6! ab.} Qf6 21. Qd2 Rab8 22. Rd1 Re5 23. Rd3 c5 24. a3 ({Lieber} 24. f4 $16 Re4 25. Bxe4 fxe4 26. Ra3) 24... Be8 $14 25. h4 Bf7 26. Rc1 h6 {[#]} 27. Bd5 $1 cxb4 28. Bxf7 Qxf7 29. axb4 Re4 (29... g5 $16 {war nötig.}) 30. c5 $18 Rexb4 (30... dxc5 $142 31. Rxc5 Re7) 31. cxd6 cxd6 32. Rxd6 Rb1 33. Rxb1 ({Weniger gut wäre} 33. Rxa6 Qc7 $16) 33... Rxb1+ {[%mdl 4096] Endspiel KDT-KDT} 34. Kh2 Rb7 35. h5 ({Jedoch nicht} 35. Rxa6 Kh7) 35... gxh5 36. Rxa6 {Schwarz muss nun Dd6 beachten.} Rd7 $2 (36... h4 37. Qd4+ (37. gxh4 Qc4 $16) 37... Kh7 38. Qxh4 Qg7) 37. Qb4 {Weiß steht klar auf Gewinn.} Kh7 38. Qf4 Qf8 {[#]} 39. Rxh6+ $1 {[%mdl 512] Precision: Weiß = 82%, Schwarz = 38%.} 1-0

[Event "WSCC 50 Open 2017"]
[Site "?"]
[Date "2017.11.16"]
[Round "9"]
[White "Sturua, Zurab"]
[Black "Antonio, Rogelio Jr"]
[Result "1/2-1/2"]
[WhiteElo "2536"]
[BlackElo "2431"]
[Annotator "TA"]
[PlyCount "69"]
[EventDate "2017.??.??"]
[EventType "swiss"]
[EventCountry "ITA"]
[SourceTitle "Acqui Terme"]

{[%evp 17,69,22,46,20,17,19,34,36,49,37,37,44,41,7,49,51,57,52,56,31,41,14,19,0,0,0,0,0,0,0,0,-6,0,-8,15,19,13,17,57,43,61,18,20,3,37,16,6,-9,-16,0,6,10,18,0]} 1. d4 Nf6 2. Nf3 e6 3. c4 Bb4+ 4. Bd2 Bxd2+ 5. Qxd2 d5 6. g3 O-O 7. Bg2 Qe7 8. O-O Rd8 9. Rc1 Nc6 {LiveBook: 14 Games. E11: Bogo-Indian} (9... b6 10. Nc3 Bb7 11. cxd5 exd5 12. Qf4 c6 13. Nh4 g6 14. Qg5 Kf8 15. Qh6+ Kg8 16. Qg5 Kf8 17. Qh6+ {½-½ (17) Oliva Castaneda,K (2497)-Cori Tello,J (2636) Sitges 2017}) 10. cxd5 exd5 11. Nc3 Bg4 $146 ({Predecessor:} 11... a6 12. e3 Bf5 13. Na4 Na7 14. Ne5 {0-1 (26) Blagojevic,D (2505)-Nakhbayeva,G (2300) Paracin 2014}) 12. e3 Qe6 13. b4 Qf5 14. Ne1 {[%cal Bf3e1,Be1d3,Bd3c5][%mdl 32]} Bh3 ({Much worse is} 14... Nxb4 $6 15. Rab1 $18) 15. Bh1 Ne7 16. Nd3 Ng6 17. f3 Qg5 18. Ne2 c6 19. Nef4 Bf5 20. Nc5 Rab8 21. Bg2 Ne8 {[%cal Bf6e8,Be8d6,Bd6b5,Bb5c7][%mdl 32]} 22. Nxg6 Bxg6 23. Re1 Nd6 24. Rad1 Qe7 25. Qc1 Qc7 26. e4 dxe4 27. fxe4 {[%cal Bf3e4,Be4e5][%mdl 32]} Qb6 28. e5 Nb5 29. Qc4 Nc7 30. a4 {[%cal Ba2a4,Ba4a5][%mdl 32]} Bf5 31. a5 Qb5 {The position is equal.} 32. Bf1 {[#] And now Qb3 would win.} Qxc4 33. Bxc4 Be6 34. Nxe6 fxe6 35. Rd2 {Precision: White = 40%, Black = 48%.} 1/2-1/2

[Event "WSCC 50 Open 2017"]
[Site "?"]
[Date "2017.11.16"]
[Round "9"]
[White "Prie, Eric"]
[Black "Brendel, Oliver"]
[Result "1/2-1/2"]
[WhiteElo "2482"]
[BlackElo "2334"]
[Annotator "TA"]
[PlyCount "66"]
[EventDate "2017.??.??"]
[EventType "swiss"]
[EventCountry "ITA"]
[SourceTitle "Acqui Terme"]

{[%evp 9,66,11,18,10,11,-6,6,-36,-35,-44,-37,-38,-39,-40,-39,-43,-19,-32,-22,-33,-4,-24,0,-22,7,7,12,14,10,0,16,0,7,6,3,10,12,0,0,0,8,8,51,48,36,28,56,14,14,0,22,0,16,0,15,0,59,0,10]} 1. d4 Nf6 2. Nf3 g6 3. Nc3 Bg7 4. e4 d5 (4... d6 5. Be3 c6 6. Qd2 Nbd7 7. a4 O-O 8. Bh6 e5 9. Bxg7 Kxg7 10. Bd3 Qe7 11. O-O a5 12. Rfe1 Re8 13. Ne2 exd4 14. Nfxd4 {0-1 (43) Eljanov,P (2716)-Svidler,P (2738) Moscow 2008}) 5. e5 Ne4 {LiveBook: 7 Partien} 6. Qd3 $146 {A48: Königsindisch (ohne c2-c4)} ({Vorgänger:} 6. Nxe4 dxe4 7. Ng5 c5 8. Bc4 O-O 9. e6 f5 10. d5 b5 11. Be2 {1-0 (57) Azarov,S (2635)-Skytte,R (2424) Wroclaw 2014}) 6... Nc6 {[%cal Bb8c6,Bc6a5,Ba5c4][%mdl 32]} 7. a3 ({Viel schlechter ist} 7. Nxe4 dxe4 8. Qxe4 Bf5 $17) 7... O-O 8. Be3 Bf5 {[#] Weiss muss nun ...Sxf2! beachten.} 9. Qb5 Nxc3 10. bxc3 Bxc2 11. Qxb7 Na5 12. Qa6 {[#] Und weiter mit Tc1 wäre nett.} c6 (12... Nb3 $5 13. Ra2 $8 Be4 $11) 13. Bd3 Bxd3 14. Qxd3 Nc4 15. O-O Qa5 16. Bg5 f6 17. exf6 exf6 18. Bf4 Rfe8 19. Nd2 Nxd2 20. Qxd2 Qa6 21. Rfe1 Rxe1+ 22. Qxe1 Kf7 23. h4 Re8 24. Qf1 Qa5 25. Qd3 Bf8 26. a4 $1 Re4 27. g3 Be7 28. Kg2 (28. h5 $5) 28... h5 29. Ra2 Kg7 30. Ra1 Kf7 31. Ra2 Kg7 32. Bc1 Bf8 ({Lieber} 32... Kf7 $11) 33. Bf4 Be7 {Precision: Weiß = 33%, Schwarz = 51%.} 1/2-1/2

[Event "WSCC 50 Open 2017"]
[Site "?"]
[Date "2017.11.16"]
[Round "9"]
[White "Reprintsev, Alexander"]
[Black "Mantovani, Renzo"]
[Result "1-0"]
[WhiteElo "2361"]
[BlackElo "2307"]
[PlyCount "67"]
[EventDate "2017.??.??"]
[EventType "swiss"]
[EventCountry "ITA"]
[SourceTitle "Acqui Terme"]
[TimeControl "40/5400+30:1800+30"]
[WhiteClock "0:50:19"]
[BlackClock "0:01:13"]

1. e4 {[%emt 0:03:08]} g6 {[%emt 0:00:18]} 2. Nc3 {[%emt 0:00:06]} c5 {[%emt 0:01:57]} 3. d3 {[%emt 0:01:40]} d6 {[%emt 0:01:51]} 4. Be3 {[%emt 0:00:42]} Nf6 {[%emt 0:00:36]} 5. Qd2 {[%emt 0:00:46]} Ng4 {[%emt 0:03:14]} 6. Bg5 {[%emt 0:00:14]} h6 {[%emt 0:01:34]} 7. Bh4 {[%emt 0:00:06]} Bg7 {[%emt 0:02:35]} 8. f4 {[%emt 0:01:21]} Nc6 {[%emt 0:03:21]} 9. Nf3 {[%emt 0:00:16]} O-O {[%emt 0:04:07]} 10. h3 {[%emt 0:00:24]} Nf6 {[%emt 0:00:14]} 11. g4 {[%emt 0:00:24]} Rb8 {[%emt 0:06:44]} 12. Bg2 {[%emt 0:00:10]} b5 {[%emt 0:04:12]} 13. O-O {[%emt 0:00:14]} b4 {[%emt 0:05:42]} 14. Ne2 {[%emt 0:01:28]} a5 {[%emt 0:15:38]} 15. Bg3 {[%emt 0:07:26]} c4 {[%emt 0:12:39]} 16. f5 {[%emt 0:03:29]} gxf5 {[%emt 0:04:37]} 17. exf5 {[%emt 0:02:51]} cxd3 {[%emt 0:01:31]} 18. cxd3 {[%emt 0:00:06]} Rb5 {[%emt 0:06:44]} 19. Bf4 {[%emt 0:03:21]} h5 {[%emt 0:06:15]} 20. Bh6 {[%emt 0:02:45]} hxg4 {[%emt 0:02:54]} 21. Qg5 {[%emt 0:03:15]} Ne8 {[%emt 0:00:12]} 22. hxg4 {[%emt 0:00:20]} e6 {[%emt 0:02:10]} 23. Bxg7 {[%emt 0:00:09]} Nxg7 {[%emt 0:00:58]} 24. Qh6 {[%emt 0:01:50]} f6 {[%emt 0:02:47]} 25. Nf4 {[%emt 0:02:42]} exf5 {[%emt 0:01:52]} 26. g5 {[%emt 0:00:48]} Rb7 {[%emt 0:04:15]} 27. d4 {[%emt 0:06:40]} Qb6 {[%emt 0:01:14]} 28. Nd5 {[%emt 0:00:40]} Qa7 {[%emt 0:00:30]} 29. Nxf6+ {[%emt 0:02:21]} Kf7 {[%emt 0:01:19]} 30. Rad1 {[%emt 0:00:52]} Ne5 {[%emt 0:01:29]} 31. Nxe5+ {[%emt 0:03:23]} dxe5 {[%emt 0:00:03]} 32. Bd5+ {[%emt 0:00:12]} Be6 {[%emt 0:00:54]} 33. Nh5 {[%emt 0:02:13]} Ke8 {[%emt 0:01:21]} 34. Nxg7+ {[%emt 0:00:19]} 1-0

[Event "WSCC 50 Open 2017"]
[Site "?"]
[Date "2017.11.16"]
[Round "9"]
[White "Jhunjhnuwala, Krishan"]
[Black "Biro, Sandor"]
[Result "1/2-1/2"]
[WhiteElo "2340"]
[BlackElo "2168"]
[PlyCount "112"]
[EventDate "2017.??.??"]
[EventType "swiss"]
[EventCountry "ITA"]
[SourceTitle "Acqui Terme"]
[TimeControl "40/5400+30:1800+30"]
[WhiteClock "0:21:40"]
[BlackClock "0:27:45"]

1. e4 {[%emt 0:00:00]} Nc6 {[%emt 0:02:30]} 2. d4 {[%emt 0:00:40]} d5 {[%emt 0:00:10]} 3. e5 {[%emt 0:00:57]} f6 {[%emt 0:00:07]} 4. f4 {[%emt 0:00:50]} fxe5 {[%emt 0:12:19]} 5. fxe5 {[%emt 0:00:26]} Bf5 {[%emt 0:01:49]} 6. Nf3 {[%emt 0:01:55]} e6 {[%emt 0:04:05]} 7. Bb5 {[%emt 0:04:24]} Nge7 {[%emt 0:10:20]} 8. O-O {[%emt 0:00:45]} h6 {[%emt 0:11:22]} 9. Nh4 {[%emt 0:17:59]} Bh7 {[%emt 0:01:01]} 10. Qf3 {[%emt 0:05:49]} Kd7 {[%emt 0:06:06]} 11. c4 {[%emt 0:06:01]} Kc8 {[%emt 0:09:09]} 12. Be3 {[%emt 0:05:18]} Nb4 {[%emt 0:07:03]} 13. Na3 {[%emt 0:06:13]} Kb8 {[%emt 0:06:48]} 14. Rac1 {[%emt 0:09:12]} a6 {[%emt 0:02:48]} 15. Ba4 {[%emt 0:00:47]} g5 {[%emt 0:00:33]} 16. Qf6 {[%emt 0:02:56]} Rg8 {[%emt 0:00:37]} 17. Nf3 {[%emt 0:03:14]} dxc4 {[%emt 0:06:13]} 18. Qxe6 {[%emt 0:01:41]} Nbd5 {[%emt 0:00:26]} 19. Bc2 {[%emt 0:09:44]} Nxe3 {[%emt 0:02:32]} 20. Bxh7 {[%emt 0:00:06]} Rg7 {[%emt 0:00:41]} 21. Rfe1 {[%emt 0:00:36]} N7d5 {[%emt 0:04:06]} 22. Be4 {[%emt 0:01:36]} Nf4 {[%emt 0:01:40]} 23. Qf6 {[%emt 0:01:08]} Qxf6 {[%emt 0:04:33]} 24. exf6 {[%emt 0:00:06]} Nexg2 {[%emt 0:00:11]} 25. fxg7 {[%emt 0:00:15]} Bxg7 {[%emt 0:00:12]} 26. Red1 {[%emt 0:00:51]} Ka7 {[%emt 0:02:00]} 27. Nxc4 {[%emt 0:00:49]} g4 {[%emt 0:01:21]} 28. Nfe5 {[%emt 0:01:05]} Nh4 {[%emt 0:00:19]} 29. Rd2 {[%emt 0:00:54]} Rf8 {[%emt 0:00:48]} 30. Bg2 {[%emt 0:03:58]} Nhxg2 {[%emt 0:01:25]} 31. Rxg2 {[%emt 0:00:06]} Nh3+ {[%emt 0:01:35]} 32. Kh1 {[%emt 0:00:05]} Nf2+ {[%emt 0:00:07]} 33. Rxf2 {[%emt 0:00:47]} Rxf2 {[%emt 0:00:05]} 34. Nxg4 {[%emt 0:00:42]} Rf4 {[%emt 0:00:15]} 35. Nce5 {[%emt 0:03:43]} Rxd4 {[%emt 0:00:41]} 36. Rxc7 {[%emt 0:00:42]} Rd1+ {[%emt 0:00:16]} 37. Kg2 {[%emt 0:00:05]} Rd2+ {[%emt 0:00:13]} 38. Kg3 {[%emt 0:00:13]} Bxe5+ {[%emt 0:00:48]} 39. Nxe5 {[%emt 0:00:04]} Rxb2 {[%emt 0:00:07]} 40. a4 {[%emt 0:01:06]} Rb3+ {[%emt 0:31:23]} 41. Kh4 {[%emt 0:33:12]} Kb6 {[%emt 0:00:21]} 42. Rc4 {[%emt 0:03:11]} Ka5 {[%emt 0:00:18]} 43. Kg4 {[%emt 0:00:00]} Rb4 {[%emt 0:00:00]} 44. Kh5 {[%emt 0:00:00]} Kxa4 {[%emt 0:00:00]} 45. Kxh6 {[%emt 0:00:00]} Rxc4 {[%emt 0:00:00]} 46. Nxc4 {[%emt 0:00:00]} b5 {[%emt 0:00:00]} 47. Nd2 {[%emt 0:00:00]} Kb4 {[%emt 0:00:00]} 48. h4 {[%emt 0:00:00]} a5 {[%emt 0:00:00]} 49. h5 {[%emt 0:00:00]} a4 {[%emt 0:00:00]} 50. Nb1 {[%emt 0:00:00]} a3 {[%emt 0:00:00]} 51. Nxa3 {[%emt 0:00:00]} Kxa3 {[%emt 0:00:00]} 52. Kg5 {[%emt 0:00:00]} b4 {[%emt 0:00:00]} 53. h6 {[%emt 0:00:00]} b3 {[%emt 0:00:00]} 54. h7 {[%emt 0:00:00]} b2 {[%emt 0:00:00]} 55. h8=Q {[%emt 0:00:00]} b1=Q {[%emt 0:00:00]} 56. Qa8+ {[%emt 0:00:00]} Kb2 {[%emt 0:00:00]} 1/2-1/2

[Event "WSCC 50 Open 2017"]
[Site "?"]
[Date "2017.11.16"]
[Round "9"]
[White "Petran, Peter"]
[Black "Grant, Jonathan I M"]
[Result "0-1"]
[WhiteElo "2330"]
[BlackElo "2179"]
[PlyCount "78"]
[EventDate "2017.??.??"]
[EventType "swiss"]
[EventCountry "ITA"]
[SourceTitle "Acqui Terme"]
[TimeControl "40/5400+30:1800+30"]
[WhiteClock "0:05:30"]
[BlackClock "0:03:38"]

1. g3 {[%emt 0:00:52]} c5 {[%emt 0:01:00]} 2. Bg2 {[%emt 0:00:30]} Nc6 {[%emt 0:00:18]} 3. e4 {[%emt 0:04:25]} g6 {[%emt 0:00:25]} 4. Ne2 {[%emt 0:00:45]} Bg7 {[%emt 0:00:15]} 5. c3 {[%emt 0:00:28]} e5 {[%emt 0:01:04]} 6. d3 {[%emt 0:00:15]} Nge7 {[%emt 0:01:34]} 7. Be3 {[%emt 0:00:06]} d6 {[%emt 0:09:06]} 8. O-O {[%emt 0:00:17]} O-O {[%emt 0:01:41]} 9. d4 {[%emt 0:00:06]} cxd4 {[%emt 0:03:41]} 10. cxd4 {[%emt 0:00:07]} d5 {[%emt 0:00:54]} 11. Nbc3 {[%emt 0:01:02]} Bg4 {[%emt 0:05:49]} 12. f3 {[%emt 0:09:15]} dxe4 {[%emt 0:09:41]} 13. fxg4 {[%emt 0:08:21]} exd4 {[%emt 0:00:38]} 14. Nxd4 {[%emt 0:00:13]} Nxd4 {[%emt 0:09:10]} 15. Nxe4 {[%emt 0:02:30]} Nec6 {[%emt 0:09:02]} 16. g5 {[%emt 0:04:38]} Nf5 {[%emt 0:01:54]} 17. Bc5 {[%emt 0:00:49]} Bd4+ {[%emt 0:14:22]} 18. Bxd4 {[%emt 0:00:19]} Qxd4+ {[%emt 0:00:30]} 19. Qxd4 {[%emt 0:03:08]} Ncxd4 {[%emt 0:01:26]} 20. Rf2 {[%emt 0:03:11]} Kg7 {[%emt 0:06:55]} 21. Nc5 {[%emt 0:05:03]} Rac8 {[%emt 0:05:08]} 22. Nxb7 {[%emt 0:00:31]} Ne6 {[%emt 0:02:57]} 23. h4 {[%emt 0:14:45]} Rc7 {[%emt 0:03:03]} 24. Rd1 {[%emt 0:06:57]} Ne3 {[%emt 0:00:44]} 25. Rd3 {[%emt 0:18:27]} Nxg2 {[%emt 0:00:24]} 26. Nd6 {[%emt 0:01:27]} Ne1 {[%emt 0:00:22]} 27. Rd1 {[%emt 0:00:59]} Nc2 {[%emt 0:00:52]} 28. Nb5 {[%emt 0:01:23]} Rc5 {[%emt 0:02:22]} 29. Nxa7 {[%emt 0:00:52]} Ncd4 {[%emt 0:01:09]} 30. a4 {[%emt 0:01:50]} Ra5 {[%emt 0:01:06]} 31. Nb5 {[%emt 0:00:31]} Nxb5 {[%emt 0:00:25]} 32. axb5 {[%emt 0:00:05]} Rxb5 {[%emt 0:01:43]} 33. Rd7 {[%emt 0:00:19]} Rc5 {[%emt 0:03:21]} 34. b4 {[%emt 0:05:32]} Rc7 {[%emt 0:02:04]} 35. Rxc7 {[%emt 0:02:27]} Nxc7 {[%emt 0:00:01]} 36. Rb2 {[%emt 0:00:09]} Rb8 {[%emt 0:00:24]} 37. Kf2 {[%emt 0:00:31]} Rb5 {[%emt 0:00:16]} 38. Ke2 {[%emt 0:00:47]} Na6 {[%emt 0:00:23]} 39. Kd3 {[%emt 0:00:08]} Rxb4 {[%emt 0:00:13] Kd4} 0-1